000 00345nam a2200157 4500
001 46013
090 _a46013
100 _a20260421 pory50
101 _apor
102 _aPT
200 _aAmari e os Irmãos da Noite
_fB.B. Alston
210 _aLisboa
_cPlaneta
_d2021
215 _a423 p.
675 _a82-31
801 _aPT
_gRPC
990 _cLIVROS